00873nam a22002177a 450000500170000001000150001702000270003203500130005903700130007208200110008510000210009624501700011726000290028727000910031630000400040770000200044770000200046794200250048799900170051295201260052920130529123301.0 aENG-107136 a9781407596051c1295.00 aEN-90669 bDBAD/PUB a230.91 aGenzmer, Herbert10a(One hundred ) 100 holy places :cby Herbert Genzmer; edited by Herbert Genzmer ; translated by Richard Elliottba discovery of the world's most revered holy sites / aUKbParragon Booksc2010 aRhythm Book Distributors, Old no. 4, new no. 5, Jeenis Road, SaidapetbChennaie600015 a208p.:c28cm(Hb)bcol.ill.e1CD-ROM aGenzmer,Herbert aElliott,Richard 2ddccENmGENh230.91 c75575d75575 001040718NFICaDBADbDBADd2013-05-14eDBAD/PUBg1295.00l0o230.91 GENpEN-90669r2013-05-14 00:00:00t1v1295.00yEN